Pacient, nebo doktor? /

Hlavní autor: Webber, Meredith
Další autoři: Fischerová, Klára
Jazyk: Čeština
Vydáno: Praha : Harlequin, c2002
Edice: Lékařská romance
Témata:
Fyzický popis: 160 s. ; 17 cm
Knihy
Uloženo v:
LEADER 01133nam a2200337 a 4500
001 000589996
003 CZ BrMZK
005 20140701103203.0
007 ta
008 020312s2002 xr g f cze d
015 |a cnb001090132 
020 |a 80-241-1172-1 
035 |a (OCoLC)85024282 
040 |a BOA001  |b cze 
041 1 |a cze  |h eng 
072 7 |a 821-31/-34  |x Milostná, dobrodružná, fantastická próza  |2 Konspekt  |9 25 
080 |a 821-312.5  |2 MRF 
080 |a (0:82-312.5)  |2 MRF 
100 1 |a Webber, Meredith  |7 jn20010309376  |4 aut 
245 1 0 |a Pacient, nebo doktor? /  |c Meredith Webberová ; [překlad Klára Fischerová] 
260 |a Praha :  |b Harlequin,  |c c2002 
300 |a 160 s. ;  |c 17 cm 
490 1 |a Lékařská romance ;  |v 30 (S 03/02) 
500 |a Přeloženo z angličtiny 
655 7 |a milostné romány  |7 fd132840  |2 czenas 
700 1 |a Fischerová, Klára  |7 mzk2014827790  |4 trl 
765 0 |t Found: one husband  |9 Česky 
830 0 |a Lékařská romance 
910 |a BOA001  |b 1-1097.913 
990 |a BK 
996 6 |b 2610156424  |c 1-1097.913  |l MZK  |r Sklad / do 1 hodiny  |n 5  |p p.v.  |w 000589996  |u 000010  |a 1  |e BOA001  |j MZK50  |s P